Tenth Biggest City from States - Statistics

General Stats
  • This quiz has been taken 10 times
  • The average score is 8 of 15
Answers on the Map
Answers color-coded by a green-red scale on the quiz's map according to % correct below.
 
Answer Stats
Answer % Correct
Anaheim
78%
Pembroke Pinea
78%
Scranton
78%
Corvallis
67%
Lubbock
67%
Roanoke
67%
Surprise
67%
Cherry Hill
56%
Waukegan
56%
Lorain
44%
Tanaina
44%
Concord
33%
Nicholasville
33%
Eva Gentry
22%
Westland
22%
No matching quizzes found
Score Distribution
Percent of People with Each Score
Percentile by Number Answered
Your Score History
You have not taken this quiz